000 00346nam a2200145Ia 4500
005 20251222144648.0
008 251222s9999||||xx |||||||||||||| ||spa||
020 _a88-16-30197-X
082 _a238.1/B54/Ej.2
100 _aBiffi, Giacomo
245 0 _aLinee di escatología cristiana
250 _a2a.ed.
264 _bJaca Book
942 _cLIB
999 _c16940
_d16940